000 00617nam a2200193 a 4500
001 000011321
005 20240412074225.0
008 091016s2001 dr a 001 p spa d
040 _aDO-SdBNP
_bspa
_cBNPHU
082 _aRD861.44
_bS464f
100 1 _aSelemi, Pedro
_926917
245 1 0 _aFlamin´ flor :
_bselección de poemas de amor de barrio /
_cPedro Selemi.
260 _aSanto Domingo :
_bSelemi,
_c2001.
300 _a102 p. :
_bil. ;
_c21 cm.
590 _aInventariado, 2019 / DG
650 0 _aPoesía dominicana
_966
650 0 _aLiteratura dominicana.
_967
910 _aValidado. Control de calidad MMOLINA
999 _c11028
_d11028